| 000 | 01311nam a2200301Ia 4500 | ||
|---|---|---|---|
| 001 | Z_6116 | ||
| 008 | 220601s9999 xx 000 0 und d | ||
| 020 | _a968-24-3663-X | ||
| 082 | _a636.31 O95 2001 | ||
| 245 | _aOvinos / Johan H. Koeslag; colaboración F. Kichner Salinas | ||
| 250 | _a2a ed. | ||
| 260 | _aMéxico : Trillas | ||
| 300 | _a94 p. | ||
| 440 |
_aManuales para educación agropecuaria : área producción animal ; 3 _9140683 |
||
| 500 | _aBasado en el trabajo de Johan H. KoeslagEste manaual ha sido elaborado dentro de un proyecto de cooperación técnica internacional de la DGETA, SEP, FAO Y PNUD | ||
| 503 | _aej.3: C/E | ||
| 504 | _aIncluye índice | ||
| 650 | _a1. Ganado lanar | ||
| 650 |
_aOvejas _9137237 |
||
| 650 | _aGanado - Cría de ovinos | ||
| 700 |
_aI. Koeslag, Johan H. \ II. Kichner Salinas, F., colab. _9180499 |
||
| 710 |
_aIII. México. Dirección General de Educación Tecnológica Agropecuaria \ IV. III. México. Secretaría de Educación Pública \ IV. Organizacion de las Naciones Unidas para la Agricultura y la Alimentación \ V. Porgrama de las Naciones Unidad para el DesarrolloÌ _9182736 |
||
| 901 | _a636.31 O95 2001 | ||
| 902 | _aM | ||
| 905 | _a0000001990 reimp. 2001 mx an 0000000000spa00 | ||
| 942 | _c1 | ||
| 999 |
_c216993 _d216993 |
||